| 000 | 006210000a22001210004500 | ||
|---|---|---|---|
| 100 | 1 | _aWinbush, Robina Marie | |
| 245 | 1 | 0 | _aEditorial |
| 300 | _aVol.58, núm.1 ( March, 2008), Páginas1-2 | ||
| 500 | _aEste número explora las teologías que dieron fuerza a la institución de esclavitud en las Américas y Europa y examina los ricos recursos bíblicos y espirituales que permitieron a los africanos esclavizados a luchar por su libertad. Tambíen habla del papel de la comunidad cristiana en la lucha de la liberación de Sudáfrica. | ||
| 650 | 1 | 4 | _aESCLAVITUD-ÁMERICA-EUROPA |
| 773 | 0 | _tReformed World | |
| 942 | _cANA | ||
| 999 |
_c62572 _d62572 |
||